<?xml version="1.0" encoding="UTF-8"?>
<collection xmlns="http://www.loc.gov/MARC21/slim">
 <record>
  <leader>00771nab a2200169 i 4500</leader>
  <controlfield tag="001">univ64070</controlfield>
  <controlfield tag="005">20221026144125.0</controlfield>
  <controlfield tag="008">221026s2022    hu      o     0||   hun d</controlfield>
  <datafield tag="040" ind1=" " ind2=" ">
   <subfield code="a">SZTE UnivHistória Repozitórium</subfield>
   <subfield code="b">hun</subfield>
  </datafield>
  <datafield tag="041" ind1=" " ind2=" ">
   <subfield code="a">hun</subfield>
  </datafield>
  <datafield tag="100" ind1="1" ind2=" ">
   <subfield code="a">Bod Tamás</subfield>
  </datafield>
  <datafield tag="245" ind1="1" ind2="2">
   <subfield code="a">A járdára festettek Szegeden a Tisza-parton két horogkeresztet</subfield>
   <subfield code="h">[elektronikus dokumentum] /</subfield>
   <subfield code="c"> Bod Tamás</subfield>
  </datafield>
  <datafield tag="260" ind1=" " ind2=" ">
   <subfield code="c">2022-10-25</subfield>
  </datafield>
  <datafield tag="490" ind1="0" ind2=" ">
   <subfield code="a">Magyarnarancs.hu</subfield>
  </datafield>
  <datafield tag="561" ind1=" " ind2=" ">
   <subfield code="a">Egyetemi hirarchívum</subfield>
  </datafield>
  <datafield tag="695" ind1=" " ind2=" ">
   <subfield code="a">Szent-Györgyi Albert Klinikai Központ - SZAKK, Gyermekgyógyászati Klinika, Garázdaság - horogkereszt</subfield>
  </datafield>
  <datafield tag="856" ind1="4" ind2="0">
   <subfield code="u">http://univ.bibl.u-szeged.hu/64070/1/R%C3%B3zsasz%C3%ADn%20horogkereszteket%20festettek%20a%20szegedi%20gyermekklinika%20el%C3%A9%20_%20Magyar%20Narancs.pdf</subfield>
   <subfield code="z">Dokumentum-elérés </subfield>
  </datafield>
 </record>
</collection>
